000 00769nas a2200253 4500
001 BR9901585
003 BR-BrBNA
005 20231205101326.0
007 ta
008 230509b bl.|||p| |||| 00| 00por d
040 _aBR-BrBNA
_bpor
_cBiblioteca Nacional de Agricultura
041 _a(Pt)
072 _aN01
100 1 _aAraujo, L.G. de
100 1 _aCampos, J.C. de
245 1 _aAnalise do periodo critico com relacao a ocorrencia de incendios na microrregiao de Alfenas - MG
650 _aIncendio
650 _aMeteorologia
650 _aEstiagem
650 _aMinas Gerais
773 0 _tRevista da Universidade de Alfenas (Brazil)
_x
_g(Jan-Dec 1992), v. 1(3) p. 39-44
_wBR9901585
909 _a202311
_bLúcia
_c55
_dLúcia Elande
942 _2AGRIS
_n0
_cANA
999 _c161135
_d161135